000 00521nam a2200205Ia 4500
003 BUBTL
008 151213s9999 xx 000 0 und d
082 _a348/H958p
100 _aZahirul Huq
_93976
245 _aPenal Code
_cZahirul Huq
260 _aDhaka
_bAl - Yakus
_cc2001
300 _a[xL] , 1086p . :
_b22 cm.
500 _aIncludes Index
650 _aLaw
_93977
650 _aLaw
_93977
700 _aZahirul Huq
_93976
856 _k0
_l0
_yDownload
942 _2ddc
_cBK
999 _c1546
_d1546